[Event "XXIX Coppa D'Oro"]
[Site "Villa Guardia ITA"]
[Date "2011.11.01"]
[Round "5"]
[White "Falchi, Claudio"]
[Black "Grassetto, Gilberto"]
[Result "1-0"]
[WhiteElo "1742"]
[BlackElo "1868"]
[PlyCount "109"]
[EventDate "2011.10.30"]

1. e4 c5 2. Nc3 d6 3. g3 Nf6 4. Bg2 e6 5. d3 a6 6. f4 Nc6 7. Nf3 Qc7 8. O-O Be7
9. h3 b5 10. g4 Bb7 11. f5 exf5 12. g5 Nh5 13. Nd5 Qd8 14. Nh2 g6 15. exf5 Bxg5
16. Bxg5 Qxg5 17. Nc7+ Kd7 18. Nxa8 Bxa8 19. Qg4 Qe3+ 20. Rf2 Ne5 21. Qe2 Qxe2
22. Rxe2 Bxg2 23. Rxg2 Nf4 24. Rd2 Nxh3+ 25. Kg2 Nf4+ 26. Kg3 g5 27. Nf3 Nxf3
28. Kxf3 h5 29. a4 f6 30. axb5 axb5 31. Ra7+ Kc6 32. c4 h4 33. Ra6+ Kd7 34.
cxb5 h3 35. Ra7+ Kc8 36. Ra8+ Kb7 37. Rxh8 Kb6 38. Rb8+ Kc7 39. Ra8 h2 40. Rxh2
Nxd3 41. Rh7+ Kb6 42. Rb8+ Ka5 43. b6 Ne5+ 44. Ke2 Nc6 45. Ra7+ Kb5 46. Rba8
Kxb6 47. Ra6+ Kb5 48. Rxc6 Kxc6 49. Rf8 Kd5 50. Rxf6 Ke5 51. Rf8 d5 52. f6 d4
53. f7 Kf6 54. Rg8 Kxf7 55. Rxg5 1-0

[Event "XXIX Coppa D'Oro"]
[Site "Villa Guardia ITA"]
[Date "2011.11.01"]
[Round "5"]
[White "Gagliardi, Christian"]
[Black "Cocconcelli, Lorenzo"]
[Result "1-0"]
[WhiteElo "2253"]
[BlackElo "1859"]
[PlyCount "147"]
[EventDate "2011.10.30"]

1. e4 e6 2. d4 d5 3. Nc3 Bb4 4. e5 c5 5. Bd2 Ne7 6. Nb5 Bxd2+ 7. Qxd2 O-O 8. f4
Nf5 9. dxc5 Nd7 10. Nf3 Nxc5 11. Bd3 Nxd3+ 12. Qxd3 Bd7 13. Nbd4 Nxd4 14. Qxd4
Qa5+ 15. Qd2 Qc7 16. O-O Rac8 17. Rf2 g6 18. Re1 Qb6 19. c3 Qc7 20. Nd4 a5 21.
Re3 h5 22. g3 Kg7 23. h3 Rh8 24. Rg2 Qd8 25. Rf3 Qe7 26. Rff2 Rh7 27. Qe3 Rg8
28. Nf3 a4 29. a3 Rhh8 30. Qd4 Rc8 31. Qd2 Rh6 32. g4 hxg4 33. hxg4 Rch8 34.
Rh2 Rxh2 35. Rxh2 Qd8 36. Rxh8 Qxh8 37. Kg2 Bb5 38. Kg1 Qh3 39. Qg2 Qh8 40. Qh2
Qxh2+ 41. Nxh2 f6 42. g5 f5 43. Kf2 Kf7 44. Nf3 Ke7 45. Ke3 b6 46. Kd4 Be2 47.
Nd2 Kd7 48. Ke3 Bb5 49. Nf3 Ke7 50. Nh4 Kf7 51. Kd2 Bc4 52. Ke3 Bb5 53. Kd4 Bc4
54. Nf3 Be2 55. Nd2 Ke7 56. b3 axb3 57. Nxb3 Kd7 58. Ke3 Bc4 59. Nd4 Bf1 60.
Nf3 Ke7 61. Nh4 Kf7 62. Kd2 Ba6 63. Kc2 Bc4 64. Kb2 b5 65. Kc2 Bf1 66. Kd2 Bc4
67. Ke3 Bb3 68. Kd4 Bc4 69. Kc5 Be2 70. Kd6 Bd1 71. Ng2 Be2 72. Ne1 Bd1 73. Nd3
Bc2 74. Nc5 1-0

[Event "XXIX Coppa D'Oro"]
[Site "Villa Guardia ITA"]
[Date "2011.11.01"]
[Round "5"]
[White "Gonella, Daniele"]
[Black "Raineri, Valerio"]
[Result "1-0"]
[WhiteElo "2103"]
[BlackElo "2150"]
[PlyCount "65"]
[EventDate "2011.10.30"]

1. e4 e5 2. Nf3 Nc6 3. Bb5 a6 4. Bxc6 dxc6 5. O-O Qd6 6. Na3 Be6 7. Qe2 f6 8.
Nc4 Qd7 9. Rd1 Bg4 10. h3 Bxf3 11. Qxf3 Bc5 12. c3 O-O-O 13. d3 Ne7 14. b4 Ba7
15. a4 Kb8 16. Be3 Nc8 17. Bxa7+ Nxa7 18. Na5 h5 19. Qe3 Rhe8 20. c4 Re6 21. b5
cxb5 22. axb5 Qd4 23. Qd2 axb5 24. Nb3 Qd7 25. Nc5 Qc6 26. Nxe6 Qxe6 27. Ra3
bxc4 28. Rda1 Rxd3 29. Rxa7 b6 30. Qa2 Kc8 31. Qa4 Qd7 32. Ra8+ Kb7 33. Rb8+
1-0

[Event "XXIX Coppa D'Oro"]
[Site "Villa Guardia ITA"]
[Date "2011.11.01"]
[Round "5"]
[White "Loukili, Ibrahim"]
[Black "Aldeghi, Damiano"]
[Result "0-1"]
[WhiteElo "1452"]
[BlackElo "1425"]
[PlyCount "110"]
[EventDate "2011.10.30"]

1. e4 e5 2. Nf3 Nc6 3. Bb5 Bd6 4. c3 a6 5. Ba4 Qf6 6. d3 h6 7. h3 Nge7 8. Nbd2
O-O 9. Bb3 Bc5 10. Nf1 d6 11. Be3 Bxe3 12. Nxe3 Ng6 13. Nd5 Qd8 14. O-O Nce7
15. Ne3 Nf4 16. d4 Neg6 17. dxe5 dxe5 18. Qxd8 Rxd8 19. h4 Be6 20. Bxe6 fxe6
21. Rad1 h5 22. Rxd8+ Rxd8 23. Rd1 Rxd1+ 24. Nxd1 Nd3 25. a3 Kf7 26. Kf1 Nc5
27. Nd2 Nxh4 28. b4 Nd7 29. g3 Ng6 30. a4 Ke7 31. a5 b6 32. axb6 cxb6 33. c4 a5
34. bxa5 bxa5 35. Nb2 Nc5 36. Ke2 Kd6 37. Kd1 Ne7 38. Kc2 Nc6 39. Nb3 Nxe4 40.
Nd3 Nb4+ 41. Nxb4 axb4 42. Nd2 Nxf2 43. Kb3 Kc5 44. Nf1 e4 45. Ne3 Nh1 46. Nc2
Nxg3 47. Nxb4 h4 48. Na6+ Kb6 49. Nb4 h3 50. Ka4 h2 51. Nc2 h1=Q 52. Nd4 Qa1+
53. Kb4 Qxd4 54. Kb3 Ne2 55. Kb4 Qc3+ 0-1

[Event "XXIX Coppa D'Oro"]
[Site "Villa Guardia ITA"]
[Date "2011.11.01"]
[Round "5"]
[White "Mason, Giovanni"]
[Black "Paniga, Danilo"]
[Result "0-1"]
[WhiteElo "1711"]
[BlackElo "1858"]
[PlyCount "66"]
[EventDate "2011.10.30"]

1. e4 d6 2. d4 Nf6 3. Nc3 c6 4. Bg5 Nbd7 5. Bxf6 Nxf6 6. e5 dxe5 7. dxe5 Qxd1+
8. Rxd1 Ng4 9. Nf3 e6 10. h3 Nh6 11. Ne4 b6 12. Nd6+ Bxd6 13. Rxd6 Bb7 14. g4
Ke7 15. Bg2 c5 16. O-O f6 17. Rfd1 Rhd8 18. Rxd8 Rxd8 19. Rxd8 Kxd8 20. exf6
gxf6 21. g5 Bxf3 22. gxh6 Bxg2 23. Kxg2 Ke7 24. h4 e5 25. f4 e4 26. Kf2 b5 27.
Ke3 f5 28. c3 Kd6 29. b4 Kd5 30. bxc5 Kxc5 31. Ke2 Kc4 32. Kd2 b4 33. cxb4 Kxb4
0-1

[Event "XXIX Coppa D'Oro"]
[Site "Villa Guardia ITA"]
[Date "2011.11.01"]
[Round "5"]
[White "Napoli, Ferdinando"]
[Black "Corti, Filippo"]
[Result "0-1"]
[WhiteElo "1740"]
[BlackElo "1676"]
[PlyCount "64"]
[EventDate "2011.10.30"]

1. Nf3 g6 2. d4 Bg7 3. c4 Nf6 4. Nc3 d6 5. e4 O-O 6. Be2 Nbd7 7. O-O e5 8. d5
Nc5 9. Qc2 a5 10. Ne1 Nfd7 11. f3 f5 12. Be3 fxe4 13. fxe4 Rxf1+ 14. Bxf1 Qe7
15. Nf3 Nf6 16. Bd3 Bd7 17. h3 Rf8 18. Rf1 Nh5 19. Ne2 Nf4 20. Nxf4 exf4 21.
Bc1 Qf6 22. b3 Qc3 23. Qxc3 Bxc3 24. Bc2 h6 25. e5 dxe5 26. Bxg6 e4 27. Ba3 Bb4
28. Bxb4 axb4 29. Ne5 e3 30. Nd3 Nxd3 31. Bxd3 b6 32. Rc1 f3 0-1

[Event "XXIX Coppa D'Oro"]
[Site "Villa Guardia ITA"]
[Date "2011.11.01"]
[Round "5"]
[White "Pede, Lucio"]
[Black "Seminara, Antonio"]
[Result "0-1"]
[WhiteElo "1830"]
[BlackElo "2010"]
[PlyCount "86"]
[EventDate "2011.10.30"]

1. e4 c5 2. Nf3 Nc6 3. c3 d6 4. d4 cxd4 5. Nxd4 Nf6 6. Nxc6 bxc6 7. e5 dxe5 8.
Qxd8+ Kxd8 9. Bc4 e6 10. O-O Bc5 11. Bg5 Kc7 12. Nd2 Bb7 13. b4 Bd6 14. Bb3 h6
15. Bxf6 gxf6 16. c4 Bxb4 17. Rfd1 c5 18. a3 Bc3 19. Rab1 Rhg8 20. g3 h5 21.
Ba4 Bd4 22. Nb3 Be4 23. Nxd4 exd4 24. Rb5 Kd6 25. Re1 f5 26. h4 Bc6 27. Ra5
Bxa4 28. Rxa4 a6 29. Rb1 Kc6 30. Kg2 e5 31. Kf3 f6 32. Ra5 Rge8 33. Rb2 e4+ 34.
Kf4 Re5 35. Rb1 Kc7 36. Rb2 Rg8 37. f3 Ra8 38. g4 e3 39. Re2 Kb6 40. Ra4 a5 41.
g5 d3 42. Rxe3 Rxe3 43. Kxe3 Rd8 0-1

[Event "XXIX Coppa D'Oro"]
[Site "Villa Guardia ITA"]
[Date "2011.11.01"]
[Round "5"]
[White "Revinelli, Sergio"]
[Black "Guzzetti, Luigi Enrico"]
[Result "0-1"]
[WhiteElo "1877"]
[BlackElo "1955"]
[PlyCount "58"]
[EventDate "2011.10.30"]

1. e4 c5 2. Nf3 e6 3. d4 cxd4 4. Nxd4 a6 5. Bd3 Nf6 6. O-O Qc7 7. Qe2 d6 8. c4
Nc6 9. Nxc6 bxc6 10. Nc3 Be7 11. f4 e5 12. f5 Bb7 13. Bg5 O-O 14. Rac1 Rfc8 15.
g4 Qd8 16. Qg2 h6 17. Bh4 Qb6+ 18. Bf2 Qa5 19. Be1 Qc7 20. h4 h5 21. g5 Ng4 22.
Rf3 Qb6+ 23. Kh1 g6 24. f6 Bf8 25. b3 d5 26. cxd5 cxd5 27. Bf2 d4 28. Nd5 Bxd5
29. exd5 e4 0-1

[Event "XXIX Coppa D'Oro"]
[Site "Villa Guardia ITA"]
[Date "2011.11.01"]
[Round "5"]
[White "Villa, Giorgio"]
[Black "Valsecchi, Luca"]
[Result "0-1"]
[WhiteElo "1901"]
[BlackElo "1779"]
[PlyCount "66"]
[EventDate "2011.10.30"]

1. d4 Nf6 2. Nf3 e6 3. c4 Bb4+ 4. Nbd2 O-O 5. e3 Nc6 6. a3 Bxd2+ 7. Bxd2 d6 8.
Bd3 e5 9. dxe5 dxe5 10. Qc2 Re8 11. Bc3 e4 12. Bxf6 Qxd3 13. Qxd3 exd3 14. Bc3
Bg4 15. O-O-O Rad8 16. h3 Bxf3 17. gxf3 f6 18. f4 Rd7 19. Rhe1 Ne7 20. e4 Ng6
21. Bd2 Rd4 22. f5 Rxc4+ 23. Bc3 Ne5 24. f4 d2+ 25. Rxd2 Nf3 26. Ree2 Nxd2 27.
Rxd2 Rexe4 28. Kb1 Kf7 29. Rd7+ Re7 30. Rd8 c5 31. Rd5 b6 32. Rd3 Rxf4 33. b4
Rxf5 0-1

[Event "XXIX Coppa D'Oro"]
[Site "Villa Guardia ITA"]
[Date "2011.11.01"]
[Round "6"]
[White "Aldeghi, Damiano"]
[Black "Pede, Lucio"]
[Result "0-1"]
[WhiteElo "1425"]
[BlackElo "1830"]
[PlyCount "106"]
[EventDate "2011.10.30"]

1. e4 e5 2. Nf3 Nc6 3. Bc4 Bc5 4. Nc3 d6 5. h3 Be6 6. Bxe6 fxe6 7. d3 Nf6 8.
O-O O-O 9. a3 a6 10. Re1 Qe8 11. b4 Ba7 12. Bb2 Qg6 13. Qd2 Nxe4 14. Nxe4 Rxf3
15. Kf1 Rf7 16. f3 h6 17. c3 Raf8 18. Nf2 Qg3 19. Re2 Bxf2 20. Rxf2 Ne7 21. Bc1
Nf5 22. Ra2 Qh2 23. Ke2 Qg1 24. Qe1 Ng3+ 25. Kd1 Qxe1+ 26. Kxe1 d5 27. Rac2 e4
28. fxe4 dxe4 29. Rxf7 Rxf7 30. Rf2 exd3 31. Rxf7 Kxf7 32. Bf4 Ne4 33. Bxc7 Ke7
34. Bf4 h5 35. Kd1 Kd7 36. Kc1 b5 37. Kb2 Kc6 38. Kb3 Kd5 39. Be3 d2 40. Kc2
Kc4 41. Bxd2 Nxd2 42. Kxd2 Kb3 43. Kd3 Kxa3 44. g4 hxg4 45. hxg4 g5 46. Ke4 Kb3
47. Ke5 Kxc3 48. Kf6 e5 49. Kxe5 Kxb4 50. Kf6 a5 51. Kxg5 a4 52. Kf6 a3 53. g5
a2 0-1

[Event "XXIX Coppa D'Oro"]
[Site "Villa Guardia ITA"]
[Date "2011.11.01"]
[Round "6"]
[White "Bernocchi, Luca"]
[Black "Napoli, Ferdinando"]
[Result "1/2-1/2"]
[WhiteElo "1413"]
[BlackElo "1740"]
[PlyCount "31"]
[EventDate "2011.10.30"]

1. e4 c5 2. Nf3 Nc6 3. d4 cxd4 4. Nxd4 Nf6 5. Nc3 e5 6. Nf3 Bc5 7. Be3 Bxe3 8.
fxe3 O-O 9. Bb5 d6 10. O-O Qb6 11. Qe2 a6 12. Bxc6 bxc6 13. b3 a5 14. Qd1 Qxe3+
15. Kh1 Qxc3 16. Rf2 1/2-1/2

[Event "XXIX Coppa D'Oro"]
[Site "Villa Guardia ITA"]
[Date "2011.11.01"]
[Round "6"]
[White "Cocconcelli, Lorenzo"]
[Black "Bernasconi, Roberto"]
[Result "1/2-1/2"]
[WhiteElo "1859"]
[BlackElo "1926"]
[PlyCount "38"]
[EventDate "2011.10.30"]

1. d4 d5 2. c4 dxc4 3. Nf3 c5 4. e3 Nf6 5. Bxc4 e6 6. Nc3 a6 7. a4 Nc6 8. O-O
cxd4 9. exd4 Be7 10. Bf4 O-O 11. h3 h6 12. Qd2 Re8 13. Rad1 Nb4 14. Ne5 Nbd5
15. Bh2 Bb4 16. Qd3 Bd7 17. Bb3 Rc8 18. Ne4 Bc6 19. f3 Qe7 1/2-1/2

[Event "XXIX Coppa D'Oro"]
[Site "Villa Guardia ITA"]
[Date "2011.11.01"]
[Round "6"]
[White "Colombo, Luca"]
[Black "Falchi, Claudio"]
[Result "1/2-1/2"]
[WhiteElo "1880"]
[BlackElo "1742"]
[PlyCount "109"]
[EventDate "2011.10.30"]

1. e4 e6 2. d4 d5 3. e5 c5 4. c3 Qb6 5. Nf3 Bd7 6. a3 cxd4 7. cxd4 Bb5 8. Bxb5+
Qxb5 9. Nc3 Qa5 10. Qa4+ Qxa4 11. Nxa4 Nd7 12. b4 Nb6 13. Nxb6 axb6 14. Bb2 Ne7
15. b5 Ng6 16. g3 Be7 17. O-O O-O 18. h4 h5 19. Rfc1 Rfc8 20. Rxc8+ Rxc8 21.
Rc1 Rxc1+ 22. Bxc1 Kf8 23. Ne1 f6 24. f4 fxe5 25. fxe5 Kf7 26. Kf2 Nxh4 27.
gxh4 Bxh4+ 28. Kf1 Bxe1 29. Kxe1 Kg6 30. Kf2 Kf5 31. Kf3 g5 32. Be3 h4 33. Bg1
g4+ 34. Ke3 Kg5 35. Kf2 Kf4 36. Kg2 h3+ 37. Kh2 Kf3 38. a4 Kf4 39. Bf2 Kf3 40.
Be1 Ke3 41. Kg3 Kxd4 42. Bf2+ Kxe5 43. Bxb6 Kd6 44. Bg1 e5 45. Kxg4 d4 46. Kxh3
Kc5 47. Kg2 Kb4 48. Kf3 Kxa4 49. Ke4 Kxb5 50. Kxe5 d3 51. Be3 Kc4 52. Bd2 b6
53. Ke4 b5 54. Ke3 b4 55. Bxb4 1/2-1/2

[Event "XXIX Coppa D'Oro"]
[Site "Villa Guardia ITA"]
[Date "2011.11.01"]
[Round "6"]
[White "Corti, Filippo"]
[Black "Villa, Giorgio"]
[Result "0-1"]
[WhiteElo "1676"]
[BlackElo "1901"]
[PlyCount "68"]
[EventDate "2011.10.30"]

1. Nf3 d5 2. g3 Nf6 3. Bg2 c5 4. d3 Nc6 5. O-O g6 6. Nbd2 Bg7 7. e4 O-O 8. Re1
e5 9. exd5 Nxd5 10. Nc4 Re8 11. a4 h6 12. Bd2 Be6 13. Ncxe5 Nd4 14. Nxd4 cxd4
15. Nf3 Rc8 16. h3 Qc7 17. Rc1 Qd7 18. Kh2 Qxa4 19. b3 Qb5 20. Nxd4 Bxd4 21. c4
Qd7 22. cxd5 Bxd5 23. Rxc8 Rxc8 24. Bxh6 Bxf2 25. Re2 Bxg2 26. Kxg2 Bb6 27. Bf4
Rc3 28. Qe1 Qxd3 29. Re8+ Kh7 30. Rh8+ Kxh8 31. Qe5+ Kh7 32. h4 Qf3+ 33. Kh3
Qh1+ 34. Kg4 f5+ 0-1

[Event "XXIX Coppa D'Oro"]
[Site "Villa Guardia ITA"]
[Date "2011.11.01"]
[Round "6"]
[White "Gagliardi, Christian"]
[Black "Cacciola, Alfredo"]
[Result "1-0"]
[WhiteElo "2253"]
[BlackElo "2075"]
[PlyCount "43"]
[EventDate "2011.10.30"]

1. e4 c5 2. Nc3 Nc6 3. Bb5 Nd4 4. Bc4 g6 5. Nge2 Bg7 6. Nxd4 cxd4 7. Qf3 e6 8.
Nb5 d6 9. Qa3 Ke7 10. c3 d3 11. Bxd3 Qb6 12. Qb3 Nh6 13. Na3 Qc5 14. O-O Bd7
15. Be2 e5 16. Nc2 Bc6 17. d4 Qa5 18. d5 Bd7 19. Qxb7 Qa4 20. Nb4 Rhc8 21. b3
Qa5 22. Nc6+ 1-0

[Event "XXIX Coppa D'Oro"]
[Site "Villa Guardia ITA"]
[Date "2011.11.01"]
[Round "6"]
[White "Grassetto, Gilberto"]
[Black "Carbone, Lorenzo"]
[Result "1-0"]
[WhiteElo "1868"]
[BlackElo "1759"]
[PlyCount "101"]
[EventDate "2011.10.30"]

1. d4 d5 2. Nf3 e6 3. a3 Be7 4. Nbd2 Nf6 5. e3 O-O 6. c4 b6 7. b4 c5 8. b5 a6
9. a4 axb5 10. cxb5 cxd4 11. Nxd4 Bb4 12. Be2 Ne4 13. O-O Nc3 14. Qb3 Nxe2+ 15.
Nxe2 Bc5 16. Bb2 Bb7 17. Nf3 Nd7 18. Rfd1 Nf6 19. Ng3 Qe7 20. Ne5 Rac8 21. Nd3
Bd6 22. Bd4 Nd7 23. Qb2 f6 24. Bc3 Rc4 25. Ne2 Rfc8 26. Qb3 Qf7 27. Rdc1 Bxh2+
28. Kf1 Bd6 29. Bd2 Qg6 30. Nd4 Qf7 31. Nb2 Rxc1+ 32. Rxc1 Rxc1+ 33. Bxc1 Nc5
34. Qc2 Be5 35. Nd3 Bxd4 36. exd4 Nxd3 37. Qxd3 Qc7 38. Be3 Bc8 39. Qa3 Bd7 40.
g3 Be8 41. Bd2 h6 42. Kg2 Kf7 43. Qb3 Qd7 44. Bb4 f5 45. Bd2 Qb7 46. Bf4 Qd7
47. Be5 Qc8 48. Qb4 Qc2 49. Qd6 g5 50. Qc7+ Kg6 51. Qxb6 1-0

[Event "XXIX Coppa D'Oro"]
[Site "Villa Guardia ITA"]
[Date "2011.11.01"]
[Round "6"]
[White "Guzzetti, Luigi Enrico"]
[Black "Raineri, Valerio"]
[Result "0-1"]
[WhiteElo "1955"]
[BlackElo "2150"]
[PlyCount "104"]
[EventDate "2011.10.30"]

1. e4 e5 2. Nf3 Nc6 3. Bb5 a6 4. Ba4 Nge7 5. c3 d6 6. h3 Bd7 7. d4 Ng6 8. O-O
Be7 9. Nbd2 O-O 10. Re1 Qe8 11. Bxc6 Bxc6 12. Nf1 Bf6 13. Ng3 Ne7 14. Nh5 Kh8
15. Nxf6 gxf6 16. Nh4 Ng6 17. Nf5 Bd7 18. Qh5 Rg8 19. Bh6 Nf8 20. d5 Bxf5 21.
exf5 Qe7 22. Re4 Rg5 23. Bxg5 fxg5 24. h4 gxh4 25. Rxh4 f6 26. Re1 Nd7 27. c4
Rg8 28. b4 Rg5 29. Qf3 Nb6 30. Ree4 Qd7 31. g4 c6 32. dxc6 bxc6 33. Rh5 d5 34.
cxd5 cxd5 35. Re1 Rg8 36. Kh2 d4 37. g5 fxg5 38. Rxe5 d3 39. Re3 g4 40. Qe4
Qd6+ 41. Kg2 Qd5 42. Qxd5 Nxd5 43. Re4 Nf6 44. Rxh7+ Kxh7 45. Rd4 Nh5 46. Kh2
g3+ 47. fxg3 Rxg3 48. a4 Re3 49. Kg2 Re5 50. Rd7+ Kh6 51. Kf3 Rxf5+ 52. Ke4
Nf6+ 0-1

[Event "XXIX Coppa D'Oro"]
[Site "Villa Guardia ITA"]
[Date "2011.11.01"]
[Round "6"]
[White "Nipote, Mario"]
[Black "Mason, Giovanni"]
[Result "0-1"]
[WhiteElo "1578"]
[BlackElo "1711"]
[PlyCount "74"]
[EventDate "2011.10.30"]

1. d4 d5 2. Nf3 e6 3. c4 c6 4. Nc3 Bb4 5. e3 Nf6 6. Bd2 O-O 7. Bd3 Bxc3 8. Bxc3
dxc4 9. Bxc4 b5 10. Bd3 Nd5 11. Bd2 Na6 12. a3 Nac7 13. O-O f6 14. e4 Nb6 15.
Rc1 Bd7 16. Bb1 a5 17. Ba2 Qe8 18. Re1 Kh8 19. Bf4 Na6 20. Rc2 Rf7 21. d5 c5
22. dxe6 Bxe6 23. Bxe6 Qxe6 24. Rd2 Nc4 25. Rd8+ Rf8 26. Rxf8+ Rxf8 27. Qc2 Rd8
28. Qb3 g5 29. Be3 Qd7 30. h3 a4 31. Qc3 Kg8 32. Nh2 Kf7 33. Ng4 Qe7 34. Nh6+
Kg6 35. Nf5 Qxe4 36. g4 Rd3 37. Qa5 Nxa5 0-1

[Event "XXIX Coppa D'Oro"]
[Site "Villa Guardia ITA"]
[Date "2011.11.01"]
[Round "6"]
[White "Padovan, Remo"]
[Black "Gonella, Daniele"]
[Result "0-1"]
[WhiteElo "2026"]
[BlackElo "2103"]
[PlyCount "104"]
[EventDate "2011.10.30"]

1. d4 d5 2. c4 e6 3. cxd5 exd5 4. Nc3 c6 5. Nf3 Nf6 6. Bg5 Be7 7. Qc2 O-O 8. e3
h6 9. Bh4 b6 10. Bd3 c5 11. O-O c4 12. Bf5 Bb7 13. Ne5 Nfd7 14. Bg3 Nxe5 15.
Bxe5 Nd7 16. Bg3 Bf6 17. Rad1 g6 18. Bh3 a6 19. a4 Re8 20. Rfe1 Nf8 21. f4 Bh4
22. Qf2 Bxg3 23. Qxg3 Qd6 24. Qh4 Kg7 25. Rd2 Nh7 26. Rf2 Nf6 27. Qg3 Bc8 28.
f5 Qxg3 29. hxg3 g5 30. g4 Bb7 31. g3 Bc6 32. Rfe2 b5 33. axb5 axb5 34. Nd1 Ne4
35. Kh2 b4 36. Bg2 Nf6 37. Nf2 Ra2 38. Bf3 Bb5 39. Nd1 Ne4 40. Bxe4 Rxe4 41.
Kh3 Re8 42. Rf2 Ba4 43. f6+ Kg6 44. Rf5 Bxd1 45. Rxd1 Rxb2 46. Rxd5 Ra8 47. Rc5
Raa2 48. Rh1 c3 49. e4 c2 50. e5 Rb1 51. Rh2 c1=Q 52. Rxc1 Rxc1 0-1

[Event "XXIX Coppa D'Oro"]
[Site "Villa Guardia ITA"]
[Date "2011.11.01"]
[Round "6"]
[White "Seminara, Antonio"]
[Black "Paniga, Danilo"]
[Result "0-1"]
[WhiteElo "2010"]
[BlackElo "1858"]
[PlyCount "48"]
[EventDate "2011.10.30"]

1. d4 f5 2. Nc3 Nf6 3. h3 g6 4. g4 d6 5. Bg2 Bg7 6. Qd3 fxg4 7. hxg4 Nxg4 8.
Rxh7 Bf5 9. Qb5+ Nc6 10. Rxh8+ Bxh8 11. d5 a6 12. Qa4 b5 13. Nxb5 axb5 14. Qxb5
Ra5 15. Qxc6+ Kf7 16. e4 Bd7 17. Qc4 Qb8 18. Qb3 Rb5 19. Qf3+ Bf6 20. Rb1 Qa7
21. a3 Qc5 22. c3 Kg7 23. Ne2 Bh4 24. Be3 Nxe3 0-1

[Event "XXIX Coppa D'Oro"]
[Site "Villa Guardia ITA"]
[Date "2011.11.01"]
[Round "6"]
[White "Valsecchi, Luca"]
[Black "Revinelli, Sergio"]
[Result "1-0"]
[WhiteElo "1779"]
[BlackElo "1877"]
[PlyCount "47"]
[EventDate "2011.10.30"]

1. c4 c6 2. g3 d5 3. Nf3 e6 4. b3 Be7 5. Bb2 Bf6 6. d4 dxc4 7. bxc4 c5 8. e3
Nc6 9. Bg2 Nge7 10. O-O O-O 11. Bc3 cxd4 12. Nxd4 Bd7 13. Nb5 Bxc3 14. N1xc3 a6
15. Nd6 Qc7 16. Rb1 Rab8 17. Na4 Na5 18. c5 Bxa4 19. Qxa4 b5 20. cxb6 Qxd6 21.
Qxa5 Nd5 22. Rfd1 Rfc8 23. e4 Rc5 24. Qe1 1-0